Leading Causes Of Early Deaths - Statistics

General Stats
  • This quiz has been taken 61 times
  • The average score is 3 of 11
Answer Stats
Causes % Correct
Road Injuries
63%
Violence
49%
Heart Disease
44%
HIV/AIDS
40%
Stroke
33%
Malaria
26%
Pneumonia
23%
War
16%
Diarrhea
7%
Birth Defects
0%
Preterm Birth
0%
No matching quizzes found
Score Distribution
Percent of People with Each Score
Percentile by Number Answered
Your Score History
You have not taken this quiz